Human Rights of Women in Islam (Record no. 23578)
[ view plain ]
| 000 -LEADER | |
|---|---|
| fixed length control field | 00314nam a22001457a 4500 |
| 020 ## - INTERNATIONAL STANDARD BOOK NUMBER | |
| ISBN | 9781781633694 |
| 082 ## - DEWEY DECIMAL CLASSIFICATION NUMBER | |
| Classification number | 342.0878 |
| Author Cutter | SHA |
| 100 ## - MAIN ENTRY--AUTHOR NAME | |
| Author name | Shaikh Sarfaraz |
| 245 ## - TITLE STATEMENT | |
| Title | Human Rights of Women in Islam |
| 260 ## - PUBLICATION, DISTRIBUTION, ETC. (IMPRINT) | |
| Place of publication | UK, |
| Name of publisher | Koros Press |
| Year of publication | 2015 |
| 300 ## - PHYSICAL DESCRIPTION | |
| Number of Pages | 337p |
| 650 ## - SUBJECT ADDED ENTRY--TOPICAL TERM | |
| Topical Term | Law |
| 942 ## - ADDED ENTRY ELEMENTS (KOHA) | |
| Koha item type | Books |
| Home library | Current library | Shelving location | Date acquired | Source of acquisition | Cost, normal purchase price | Full call number | Accession Number | Koha item type |
|---|---|---|---|---|---|---|---|---|
| Henry Martyn Institute Library | Henry Martyn Institute Library | General stacks | 09/26/2025 | Kohinoor Book Distributor | 12474.00 | 342.0878 SHA | 26022 | Books |
